Capitals A-Z - Ring of Letters - Statistics

General Stats
  • This quiz has been taken 5,013 times
  • The average score is 20 of 24
Answers on the Map
Answers color-coded by a green-red scale on the quiz's map according to % correct below.
 
Answer Stats
Capitals % Correct
Canberra
96%
Helsinki
95%
Jerusalem
95%
Lisbon
95%
Ottawa
95%
Seoul
94%
Bogotá
90%
Manila
90%
Nairobi
90%
Kingston
89%
Wellington
87%
Islamabad
86%
Zagreb
84%
Doha
83%
Quito
83%
Riyadh
81%
Ulaanbaatar
79%
Valletta
76%
Accra
75%
Freetown
70%
Podgorica
69%
Georgetown
67%
Tegucigalpa
58%
Yamoussoukro
47%
No matching quizzes found
Score Distribution
Percent of People with Each Score
Percentile by Number Answered
Your Score History
You have not taken this quiz